Library of the University of Algiers 3
Ibrahim Sultan Cheibout
شعار جامعة الجزائر 3
مكتبة جامعة الجزائر 3
إبراهيم سلطان شيبوط

النظم المحاسبية في البنوك وشركات التامين / (رقم التسجيلة. 41886)

تفاصيل مارك
000 -LEADER
fixed length control field 01924nam a2200241Ia 4500
003 - CONTROL NUMBER IDENTIFIER
control field Ost
005 - DATE AND TIME OF LATEST TRANSACTION
control field 20260507074935.0
008 - FIXED-LENGTH DATA ELEMENTS--GENERAL INFORMATION
fixed length control field 260507s9999||||xx |||||||||||||| ||und||
020 ## - INTERNATIONAL STANDARD BOOK NUMBER
International Standard Book Number 9957181394
040 ## - CATALOGING SOURCE
Transcribing agency fsecg
041 ## - LANGUAGE CODE
Language code of text/sound track or separate title ara
082 ## - DEWEY DECIMAL CLASSIFICATION NUMBER
Classification number 657.8
100 ## - MAIN ENTRY--PERSONAL NAME
Personal name جعفر، عبد الله نعمة
Relator term مؤلف
245 #0 - TITLE STATEMENT
Title النظم المحاسبية في البنوك وشركات التامين /
Statement of responsibility, etc. عبد الله نعمة جعفر
260 ## - PUBLICATION, DISTRIBUTION, ETC.
Place of publication, distribution, etc. عمان:
Name of publisher, distributor, etc. دار المناهج,
Date of publication, distribution, etc. 2007
300 ## - PHYSICAL DESCRIPTION
Extent 426 صفحة؛
Other physical details إيضاحات ؛
Dimensions 24 سم
504 ## - BIBLIOGRAPHY, ETC. NOTE
Bibliography, etc. note بيبليوغرافيا ص.425
520 ## - SUMMARY, ETC.
Summary, etc. يتناول الكتاب على : مقدمة ،محاسبة البنوك ،المحاسبة في البنوك التجارية مقدمة في البنوك التجارية ، خصائص النشاط المصرفي ، النظام المحاسبي في البنوك التجارية المحاسبة على عمليات البنك التجاري قسم الخزينة ، قسم الحسابات الجارية ، قسم المقاصة ، قسم الودائع ، قسم الاوراق التجارية ،قسم الاوراق المالية الاسهم والسندات ، قسم الكفالات المصرفية ، قسم الاعتمادات المستندية ، قسم بوالص التحصيل ، قسم الحولات والعملات الاجنبية قسم الحسابات العامة المحاسبة على شركات التأمين التأمين ، النظام المحاسبي لشركات التأمين ، عمليات قسم التأمين على الحياة ،عمليات قسم التأمينات العامة ، الحسابات الختامية والميزانية العمومية لشركات التأمين ، المراجع .
653 ## - INDEX TERM--UNCONTROLLED
Uncontrolled term بنوك
653 ## - INDEX TERM--UNCONTROLLED
Uncontrolled term شركات التامين
653 ## - INDEX TERM--UNCONTROLLED
Uncontrolled term نظم محاسبية
942 ## - ADDED ENTRY ELEMENTS (KOHA)
Koha item type كتب
المقتنيات
Withdrawn status Lost status Source of classification or shelving scheme Damaged status Not for loan Home library Current library Date acquired Serial enumeration / chronology Inventory number Total checkouts Full call number Barcode Date last seen Price effective from Koha item type
    Dewey Decimal Classification   NOT LOAN / إعارة داخلية مكتبة كلية العلوم الإقتصادية والعلوم التجارية وعلوم التسيير مكتبة كلية العلوم الإقتصادية والعلوم التجارية وعلوم التسيير 07/05/2026 الطابق الأرضي 3084   أ/2727ن1 3084 07/05/2026 07/05/2026 كتب
    Dewey Decimal Classification   Available مكتبة كلية العلوم الإقتصادية والعلوم التجارية وعلوم التسيير مكتبة كلية العلوم الإقتصادية والعلوم التجارية وعلوم التسيير 07/05/2026 الطابق الأرضي 3085   أ/2727ن2 3085 07/05/2026 07/05/2026 كتب
    Dewey Decimal Classification   Available مكتبة كلية العلوم الإقتصادية والعلوم التجارية وعلوم التسيير مكتبة كلية العلوم الإقتصادية والعلوم التجارية وعلوم التسيير 07/05/2026 الطابق الأرضي 3086   أ/2727ن3 3086 07/05/2026 07/05/2026 كتب
    Dewey Decimal Classification   Available مكتبة كلية العلوم الإقتصادية والعلوم التجارية وعلوم التسيير مكتبة كلية العلوم الإقتصادية والعلوم التجارية وعلوم التسيير 07/05/2026 الطابق الثاني 3087   أ/2727ن4 3087 07/05/2026 07/05/2026 كتب
    Dewey Decimal Classification   Available مكتبة كلية العلوم الإقتصادية والعلوم التجارية وعلوم التسيير مكتبة كلية العلوم الإقتصادية والعلوم التجارية وعلوم التسيير 07/05/2026 الطابق الثاني 3088   أ/2727ن5 3088 07/05/2026 07/05/2026 كتب
    Dewey Decimal Classification   Available مكتبة كلية العلوم الإقتصادية والعلوم التجارية وعلوم التسيير مكتبة كلية العلوم الإقتصادية والعلوم التجارية وعلوم التسيير 07/05/2026 مكتبة بن عكنون 3089   أ/2727ن6 3089 07/05/2026 07/05/2026 كتب
    Dewey Decimal Classification   Available مكتبة كلية العلوم الإقتصادية والعلوم التجارية وعلوم التسيير مكتبة كلية العلوم الإقتصادية والعلوم التجارية وعلوم التسيير 07/05/2026 مكتبة بن عكنون 3090   أ/2727ن7 3090 07/05/2026 07/05/2026 كتب
    Dewey Decimal Classification   Available مكتبة كلية العلوم الإقتصادية والعلوم التجارية وعلوم التسيير مكتبة كلية العلوم الإقتصادية والعلوم التجارية وعلوم التسيير 07/05/2026 مكتبة بن عكنون 3091   أ/2727ن8 3091 07/05/2026 07/05/2026 كتب

موارد الويب المفتوحة


© University of Algiers 3 All Rights Reserved
|
Implemented by LECHELAH Riad